000 00642nam a2200205Ia 4500
008 191130s2009##################000#0#eng##
020 _a9780495501121
040 _aACL
_cACL
082 _a320 GRI
100 _aGrigsby, Ellen
245 _aAnalyzing politics : an introduction to political science
_cEllen Grigsby
250 _a4th ed
260 _aBelmont, CA
_bWadsworth Cengage Learning
_cc2009
300 _axii, 363 p. : ill. ; 24 cm
500 _aIncludes bibliographical references (p. 289-345) and index
650 _aPolitical science
990 _a802c9a12ac10000c4b45cf1a7c4d6762
991 _a193685
999 _c369755
_d369755